000 00340ntaaa2200157 4500
003 01
005 20251027201638.0
008 0714s1973 ag 01
040 _aAR-BaBN
_bspa
_cAR-BaBN
_eaacr
_dRIC
082 _a232.0000 S
100 _aSmith, Zona
_915160
245 _aLa vida de Cristo
250 _a1 ed.
260 _as.l.
942 _cBK
999 _c11142
_d11142